| 000 | 00381nam a2200169Ia 4500 | ||
|---|---|---|---|
| 008 | 221030s9999 xx 000 0 und d | ||
| 020 | _a0074632736 | ||
| 041 | _aEnglish | ||
| 082 |
_a105.23 _bMad |
||
| 100 | _aS. E. Madnick | ||
| 245 | 0 | _aOperating Systems | |
| 260 |
_bTMH _aNew Delhi _c2005 |
||
| 300 | _a640 | ||
| 650 | _aComputers | ||
| 700 | _aJ. J. Donovan | ||
| 942 | _cBK | ||
| 999 |
_c8764 _d8764 |
||